000 00571nam a2200157 4500
001 121285
003 ES-MaACL
005 20230906191727.0
007 t|
008 070214s1934 xxk r ||||1| eng d
100 1 _aPriestley, J. B.
_993870
245 1 0 _aEnglish journey
_b: being a rambling but truthful account of what one man saw and heard and feld and thought during a journey through England during the autumn of the year 1933 /
_cby J. B. Priestley.
260 _aLondon :
_bWilliam Heineman,
_c1934.
300 _a422 p. ;
_c20 cm.
852 _aES-MaACL
_jA-2011
999 _c121285
_d121285